Текст томруулах:    
Cytotoxic T cells (Бичлэгийн дугаар. 145175)
000 -УДИРДЛАГА
Удирдлага 01312nam a22003617a 4500
003 - ХЯНАЛТЫН ТОО ТОДОРХОЙЛОГЧ
Код MN-UlNUM
005 - БИЧИЛТ ХИЙСЭН ОГНОО
Тухайн бичилтийг бичсэн засварласан сүүлийн огноо 20251031100812.0
008 - ЕРӨНХИЙ МЭДЭЭЛЭЛ
Ерөнхий мэдээлэл 251031s1988 nyua b 101 0 eng c
020 ## - ISBN
ISBN 0897664604
040 ## - БИЧЛЭГ ҮҮСГЭГЧ БАЙГУУЛЛАГА
Бичлэг үүсгэгч номын сангийн код МУИС-ийн номын сан
084 ## - ББК АНГИЛАЛ
Нэмэлт тусгалт Гарын авлага
ББК ангилал 52.54
Зохиогчийн гурван тэмдэгт C 98
Мэдлэгийн ялгаа 5 - Эрүүлийг хамгаалах анагаах
110 ## - ЭРХЛЭН ГАРГАСАН /БАЙГУУЛЛАГА/
Эрхлэн гаргасан байгууллага New York Academy of Sciences
245 ## - ҮНДСЭН ГАРЧИГ
Номын нэр Cytotoxic T cells
Бага гарчгийн мэдээ Biology and relevance to disease
Оролцогчдын тухай мэдээ edited by Jack R. Battisto, Janet Plate, and Gene Shearer
260 ## - ГАРАЛТЫН МЭДЭЭ
Хэвлэгдсэн газар New York, N.Y. :
Хэвлэлийн газар New York Academy of Sciences
Хэвлэгдсэн он 1988
300 ## - МАТЕРИАЛЫН ТОДОРХОЙЛОЛТ
хуудасны тоо xiv, 489 p. :
Бусад тоон мэдээлэл ill. (some col.) ;
Хэмжээ 26 cm
500 ## - Тайлбар
Дансны дугаар БС 5619
546 ## - ХЭЛНИЙ ТУХАЙ МЭДЭЭ
Хэл Англи хэл дээр,
653 ## - Түлхүүр үг
Түлхүүр үг T cells
653 ## - Түлхүүр үг
Түлхүүр үг Cell-mediated cytotoxicity
653 ## - Түлхүүр үг
Түлхүүр үг Killer cells
700 ## - ХАМ ЗОХИОГЧИД
Ба бус Battisto, Jack R.
Dates associated with a name 1922-
Fuller form of name (Jack Richard)
700 ## - ХАМ ЗОХИОГЧИД
Ба бус Plate, Janet
700 ## - ХАМ ЗОХИОГЧИД
Ба бус Shearer, Gene M.
740 ## - НОМЫН ГАРЧИГ
Гарчиг Ontogeny, Receptors, and Triggering of Cells
740 ## - НОМЫН ГАРЧИГ
Гарчиг Genetics of Cytotoxic T Lymphocytes and Involvement in Transplantation
740 ## - НОМЫН ГАРЧИГ
Гарчиг Requirements for Generation and Down-Regulation of Cytotoxin T Lymphocytes
740 ## - НОМЫН ГАРЧИГ
Гарчиг Mechanisms of Killing
740 ## - НОМЫН ГАРЧИГ
Гарчиг Molecular Aspects of Cytotoxic T Lymphocytes and Effects on Tumor Growth
740 ## - НОМЫН ГАРЧИГ
Гарчиг Poster Papers
942 ## - ЭЛЕМЕНТИЙН ТӨРӨЛ
Зүйлийн төрөл Ном